Movies Quiz

Random Movies Quiz

Missouri in Movies (Slideshow) Quiz Stats

 Plays Quiz not verified by Sporcle

Challenge
Share
Tweet
Score 0/13 Timer 05:00
0 Plays Today
% Correct
Gone Girl
86.8%
Road House
74.8%
National Lampoon's Vacation
73%
Three Billboards Outside Ebbing, Missouri
70.6%
Looper
69.2%
Meet Me in St. Louis
66.7%
Winter's Bone
62.3%
The Assassination of Jesse James by the Coward Robert Ford
52.8%
The Spirit of St. Louis
44.7%
Silver Streak
41.5%
Waiting for Guffman
37.7%
The Glass Menagerie
25.8%
One Night at McCool's
8.2%

You're not logged in!

Compare scores with friends on all Sporcle quizzes.
OR
Log In

You Might Also Like...

Show Comments

Extras

Created Sep 4, 2016ReportNominate
Tags:missouri, scene, set, Slideshow

Top Quizzes Today


Score Distribution

Your Account Isn't Verified!

In order to create a playlist on Sporcle, you need to verify the email address you used during registration. Go to your Sporcle Settings to finish the process.

Report this User

Report this user for behavior that violates our Community Guidelines.

Details: